| 000 | 00645nam a2200241Ia 4500 | ||
|---|---|---|---|
| 003 | OSt | ||
| 005 | 20221007075649.0 | ||
| 006 | a|||||r|||| 00| 0 | ||
| 007 | ta | ||
| 008 | 221006b |||||||| |||| 00| 0 eng d | ||
| 024 | _a39,523 | ||
| 037 | _cTextual | ||
| 040 |
_aFLL _cFLL _beng |
||
| 041 |
_2eng _aeng |
||
| 082 | _aYb4, Q4 | ||
| 100 | _aKothari C.R. | ||
| 245 | 0 | _aResearch methodology , methods and techniques | |
| 250 | _a3rd | ||
| 260 |
_aNew Delhi _bNew Age International (P) Limited Publishers India _c2014 |
||
| 300 |
_axx,445p _ccm. |
||
| 942 |
_hYb4, Q4 _cTEXL _2CC |
||
| 999 |
_c1156932 _d1156932 |
||